BIBLIOTECA

SENCICO

100 historias : (Registro nro. 4150)

Detalles MARC
000 -LEADER
fixed length control field 00800nam a22002297a 4500
003 - CONTROL NUMBER IDENTIFIER
control field PE SENCICO BE
005 - DATE AND TIME OF LATEST TRANSACTION
control field 20251020182636.0
008 - FIXED-LENGTH DATA ELEMENTS--GENERAL INFORMATION
fixed length control field 230515b |||||||| |||| 00| 0 eng d
040 ## - CATALOGING SOURCE
Original cataloging agency PE SENCICO BE
Transcribing agency PE SENCICO BE
041 ## - LANGUAGE CODE
Language code of text/sound track or separate title spa
082 ## - DEWEY DECIMAL CLASSIFICATION NUMBER
Classification number 690.24
Item number C4
110 1# - MAIN ENTRY--CORPORATE NAME
9 (RLIN) 1031
Corporate name or jurisdiction name as entry element Chile
Subordinate unit Ministerio de Vivienda y Urbanismo
245 1# - TITLE STATEMENT
Title 100 historias :
Remainder of title testimonios de la reconstrucción /
Statement of responsibility, etc. Ministerio de Vivienda y Urbanismo (Chile)
250 ## - EDITION STATEMENT
Edition statement [1a ed.]
260 ## - PUBLICATION, DISTRIBUTION, ETC.
Place of publication, distribution, etc. [Chile] :
Name of publisher, distributor, etc. Ministerio de Vivienda y Urbanismo,
Date of publication, distribution, etc. [2013]
300 ## - PHYSICAL DESCRIPTION
Extent [200] p. :
Other physical details il. col., lams. ;
Dimensions 24 x 33 cm.
650 14 - SUBJECT ADDED ENTRY--TOPICAL TERM
9 (RLIN) 1032
Topical term or geographic name entry element Reparación y construcción de edificios
650 24 - SUBJECT ADDED ENTRY--TOPICAL TERM
9 (RLIN) 59
Topical term or geographic name entry element Construcción de viviendas
650 24 - SUBJECT ADDED ENTRY--TOPICAL TERM
9 (RLIN) 981
Topical term or geographic name entry element Proyectos de construcción
910 ## - USER-OPTION DATA (OCLC)
-- hfp
-- hfp
942 ## - ADDED ENTRY ELEMENTS (KOHA)
Source of classification or shelving scheme Dewey Decimal Classification
Koha item type Libros
Existencias
Fecha de la última vez que lo usaron Número de ingreso o de inventario Pago total Signatura topográfica completa Precio efectivo desde Tipo de documento Estado perdido Sistema de clasificación Estado dañado No es para préstamo Retirado Ubicación permanente Ubicación actual Fecha de adquisición
15/05/2023 16067   690.24/C4 15/05/2023 Libros   Dewey Decimal Classification       Biblioteca Central Lima Biblioteca Central Lima 15/05/2023